| Поле | Название | Значение |
| |
Тип записи |
a |
| |
Библиографический уровень |
m |
| 001 |
Контрольный номер |
25b33d17d1f34fd0875b7bcf9d3594a7 |
| 005 |
Дата корректировки |
20141027125334.7 |
| 010 |
Индекс ISBN |
__ |
| a |
ISBN |
5-238-01115-6 |
| 101 |
Язык документа |
0_ |
| a |
Язык текста |
rus |
| 102 |
Страна публикации |
__ |
| a |
Страна публикации |
RU |
| 200 |
Заглавие и сведения об ответственности |
1_ |
| a |
Заглавие |
Малый бизнес. Организация, экономика, управление |
| b |
Общее обозначение материала |
Текст |
| e |
Сведения, относящиеся к заглавию |
Учебное пособие |
| f |
Первые сведения об ответственности |
Под ред. В.Я. Горфинкеля, В.А. Швандара |
| 205 |
Сведения об издании |
__ |
| a |
Основные сведения об издании |
3-е изд., перераб. и доп. |
| 210 |
Выходные данные |
1_ |
| a |
Место издания |
М. |
| c |
Издательство |
ЮНИТИ-ДАНА |
| d |
Дата издания |
2007 |
| 215 |
Физическое описание |
__ |
| a |
Объем |
495 с. |
| 610 |
Ключевые слова |
0_ |
| a |
Ключевые слова |
малый бизнес в рыночной экономике |
| a |
Ключевые слова |
основы управления малым бизнесом |
| a |
Ключевые слова |
виды малого бизнеса |
| a |
Ключевые слова |
учет в малом бизнесе |
| a |
Ключевые слова |
страхование малого бизнеса |
| 686 |
Индексы других классификаций |
__ |
| a |
Классификационный индекс |
65.9(2)09 |
| 801 |
Источник записи |
_0 |
| a |
Страна |
RU |
| b |
Организация |
РУК |
| g |
Правила каталогизации |
PSBO |
| 801 |
Источник записи |
_1 |
| a |
Страна |
RU |
| b |
Организация |
РУК |
| g |
Правила каталогизации |
PSBO |
| 852 |
Данные о местонахождении |
__ |
| i |
Авторский знак |
М 20 |
| j |
Шифр хранения |
ББК 65.9(2)09 |
| 901 |
Тип документа |
__ |
| t |
Тип документа |
m |
| 937 |
Технологическая информация |
__ |
| a |
Создатель записи (имя) |
ОрловаОВ |
| 938 |
Служебная информация |
__ |
| a |
Название организации |
Смоленский филиал |
| 952 |
Тип литературы |
__ |
| b |
Гриф литературы для ВШ |
гриф МО |
| c |
Вид литературы |
учебное пособие |